| 000 | 00769nam a2200289Ia 4500 | ||
|---|---|---|---|
| 005 | 20260324140731.0 | ||
| 008 | 008 260324s9999 xx 000 0 eng d | ||
| 020 | _a9781003063049 | ||
| 037 | _aEBOOK | ||
| 040 | _aCRL | ||
| 040 | _beng | ||
| 040 | _cCRL | ||
| 041 | _2eng | ||
| 041 | _aeng | ||
| 084 | _qCRL | ||
| 100 |
_aR.D Tomlinson; A.E Hill; R.D Pilkington _91205531 |
||
| 245 | 0 | _aTernary and Multinary Compounds | |
| 245 | 0 | _bProceedings of the 11th International Conference, University of Salford, 8-12 September, 1997 | |
| 260 | _bTaylor and Francis | ||
| 260 | _c1998 | ||
| 365 | _a | ||
| 365 | _b840 | ||
| 856 | _uhttp://www.taylorfrancis.com/books/9781003063049 | ||
| 942 | _cEBOOK | ||
| 999 |
_c1807891 _d1807891 |
||